|
|
|
|
| LEADER |
00000nab a2200000 ar4500 |
| 001 |
vtls009090405 |
| 003 |
SK-MaSNL |
| 005 |
20260305040537.0 |
| 008 |
070831c2006 xo wr|p|||||||000 b|slo |
| 038 |
|
|
|a RVGKPD
|
| 040 |
|
|
|a RVGKPD
|b slo
|c RVGKPD
|e AACR2
|
| 041 |
|
|
|a slo
|
| 044 |
|
|
|a xo
|c SK
|
| 080 |
|
|
|a 929 Andrássy, Dionýz
|2 1997
|
| 080 |
|
|
|a 929 Andrássy, Franciska
|2 1997
|
| 080 |
|
|
|a 726.822
|2 1997
|
| 100 |
1 |
|
|a Barczi, Július,
|d 1985-
|4 aut
|9 195048
|
| 245 |
1 |
0 |
|a Non videri sed esse!
|b Dionýz a Franciška Andrássyovci
|c Július Barczi
|
| 300 |
|
|
|b Fotogr.
|
| 600 |
1 |
7 |
|a Andrássy, Dionýz,
|d 1835-1913
|2 rvgkpd
|9 564003
|
| 600 |
1 |
7 |
|a Andrássy, Franciska,
|d 1838-1902
|2 rvgkpd
|9 394478
|
| 610 |
2 |
7 |
|a Mauzóleum Andrássyovcov (Krásnohorské Podhradie, Slovensko)
|2 rvgkpd
|9 32661
|
| 651 |
|
7 |
|a Krásnohorské Podhradie (Slovensko)
|2 rvgkpd
|9 26876
|
| 651 |
|
7 |
|a Rožňava (Slovensko : okres)
|2 rvgkpd
|9 19215
|
| 773 |
0 |
|
|t GEMERinfo
|g Roč. II, č. 33-34 (15.-29.8.2006), s. 7
|
| 852 |
|
|
|a RVGKPD
|b KIS3G
|
| 992 |
|
|
|a RBX
|
| 999 |
|
|
|c 3338947
|d 3340877
|